00478nam a2200205Ia 4500008004100000020001800041050001400059100002200073245002200095245002500117260001500142260001600157260000900173300001600182300002600198300001000224300002300234440000700257500000800264170918s9999 xx 000 0 und d a9780439841191 bS857 2007 aStilton, Geronimo aWedding crasher / cby Geronimo Stilton. aNew York : bScholastic, c2000 a111 pages : bcolor illustrations ; c19cm. eGeronimo Stilton ; a28 a580